General Knowledge Click Quiz No.1 - Statistics

General Stats
  • This quiz has been taken 54 times
    38 since last reset
  • The average score is 70 of 90
Answer Stats
Question Tile Select % Correct
the towns and cities in Ireland. Birkenhead No
100%
the children of Queen Elizabeth II. Charles Yes
97%
the fashion houses. Chennai No
97%
the towns and cities in Ireland. Dublin Yes
97%
the children of Queen Elizabeth II. Edmund No
97%
the towns and cities in Ireland. Hereford No
97%
the children of Queen Elizabeth II. Michael No
97%
the films that won the Best Picture award at The Oscars. Spiceworld: The Movie No
97%
the fashion houses. Versace Yes
97%
the American sitcoms. Absolutely Fabulous No
94%
the American sitcoms. Blackadder No
94%
the British Prime Ministers. Caroline Lucas No
94%
the children of Queen Elizabeth II. Diana No
94%
the American sitcoms. Friends Yes
94%
the towns and cities in Ireland. Holyhead No
94%
the songs recorded by Michael Jackson. Justify My Love No
94%
the songs recorded by Michael Jackson. Like I Love You No
94%
the fashion houses. Old Caca No
94%
the films that won the Best Picture award at The Oscars. Titanic Yes
94%
the British Prime Ministers. Winston Churchill Yes
94%
the children of Queen Elizabeth II. Zara No
94%
the tennis players. Clare Balding No
91%
the British Prime Ministers. Gemma Collins No
91%
the fashion houses. Gouda No
91%
the British Prime Ministers. Joey Essex No
91%
the songs recorded by Michael Jackson. Man In The Mirror Yes
91%
the American sitcoms. Motherland No
91%
the tennis players. Paul Bettany No
91%
the American sitcoms. Seinfeld Yes
91%
the children of Queen Elizabeth II. Andrew Yes
88%
the towns and cities in Ireland. Cork Yes
88%
the tennis players. Femke Bol No
88%
the fashion houses. Fendi Yes
88%
the towns and cities in Ireland. Gloucester No
88%
the towns and cities in Ireland. Limerick Yes
88%
the Cameron Diaz movies. Notting Hill No
88%
the British Prime Ministers. Tony Blair Yes
88%
the tennis players. Andre Agassi Yes
84%
the towns and cities in Ireland. Galway Yes
84%
the Cameron Diaz movies. Love Actually No
84%
the films that won the Best Picture award at The Oscars. Moulin Rouge No
84%
the fashion houses. Orzo No
84%
the films that won the Best Picture award at The Oscars. The Sixth Sense No
84%
the films that won the Best Picture award at The Oscars. A Clockwork Orange No
81%
the African capital cities. Alexandria No
81%
the children of Queen Elizabeth II. Anne Yes
81%
the tennis players. Anthony Ammirati No
81%
the Cameron Diaz movies. Charlie's Angels Yes
81%
the children of Queen Elizabeth II. Edward Yes
81%
the American sitcoms. Kath And Kim No
81%
the songs recorded by Michael Jackson. That's The Way Love Goes No
81%
the towns and cities in Ireland. Glasgow No
78%
the British Prime Ministers. John Prescott No
78%
the Cameron Diaz movies. Legally Blonde No
78%
the children of Queen Elizabeth II. Philip No
78%
the films that won the Best Picture award at The Oscars. The Sound Of Music Yes
78%
the songs recorded by Michael Jackson. The Way You Make Me Feel Yes
78%
the songs recorded by Michael Jackson. You Are Not Alone Yes
78%
the films that won the Best Picture award at The Oscars. Gladiator Yes
75%
the songs recorded by Michael Jackson. I Feel For You No
75%
the Cameron Diaz movies. There's Something About Mary Yes
75%
the Cameron Diaz movies. Bad Teacher Yes
72%
the British Prime Ministers. Benjamin Disraeli Yes
72%
the British Prime Ministers. Gordon Brown Yes
72%
the films that won the Best Picture award at The Oscars. Green Book Yes
72%
the African capital cities. Timbuktu No
72%
the African capital cities. Abuja Yes
69%
the tennis players. Goran Ivanisevic Yes
69%
the fashion houses. Miu Miu Yes
69%
the British Prime Ministers. Edward Heath Yes
66%
the American sitcoms. Grace Under Fire Yes
66%
the African capital cities. Kumasi No
66%
the tennis players. Tim Henman Yes
66%
the African capital cities. Casablanca No
63%
the African capital cities. Khartoum Yes
63%
the tennis players. Margaret Court Yes
63%
the Cameron Diaz movies. The Holiday Yes
63%
the African capital cities. Accra Yes
59%
the Cameron Diaz movies. My Best Friend's Wedding Yes
59%
the films that won the Best Picture award at The Oscars. Citizen Kane No
53%
the songs recorded by Michael Jackson. Human Nature Yes
53%
the tennis players. Michael Chang Yes
53%
the American sitcoms. Caroline In The City Yes
50%
the American sitcoms. Schitt's Creek No
50%
the African capital cities. Lagos No
47%
the fashion houses. Missoni Yes
47%
the African capital cities. Antananarivo Yes
44%
the Cameron Diaz movies. The Other Woman Yes
34%
the songs recorded by Michael Jackson. I Just Can't Stop Loving You Yes
28%
the fashion houses. Rodarte Yes
25%
No matching quizzes found
Score Distribution
Percent of People with Each Score
Percentile by Number Answered
Your Score History
You have not taken this quiz since the last reset